La filosofía en la Edad Media. Desde los orígenes patrísticos hasta el fin del siglo XIV.
محفوظ في:
| المؤلف الرئيسي: | |
|---|---|
| مؤلفون آخرون: | , |
| التنسيق: | كتاب |
| اللغة: | الإسبانية |
| منشور في: |
Madrid, España:
Gredos,
1965.
|
| الطبعة: | Segunda edición. |
| سلاسل: | Biblioteca hispánica de filosofía, 12.
|
| الموضوعات: | |
| الوسوم: |
إضافة وسم
لا توجد وسوم, كن أول من يضع وسما على هذه التسجيلة!
|
MARC
| LEADER | 00000nam a2200000 a 4500 | ||
|---|---|---|---|
| 001 | UCY5726 | ||
| 003 | CL-VaPUC | ||
| 005 | 20230607115259.0 | ||
| 008 | 950512e19650100SP |||||||||||||||||spa|d | ||
| 999 | |c 233348 |d 233346 | ||
| 020 | |a 84-249-2033-3 | ||
| 040 | |c Pontificia Universidad Católica de Valparaíso | ||
| 082 | 0 | 4 | |a 189 GIL 1965 |2 21 |
| 100 | |a Gilson, Étienne |e autor |9 349171 | ||
| 245 | 1 | 3 | |a La filosofía en la Edad Media. |b Desde los orígenes patrísticos hasta el fin del siglo XIV. |
| 250 | |a Segunda edición. | ||
| 260 | |a Madrid, España: |b Gredos, |c 1965. | ||
| 300 | |a 770 páginas. | ||
| 490 | 0 | |a Biblioteca hispánica de filosofía, 12. | |
| 500 | |a c.2 Donación Familia Prof. Alejandro Guzmán Brito. | ||
| 583 | |a last modification |c 20121008 05:56:21 |k Rodrigo Vera | ||
| 650 | 0 | |a Historia de la filosofía |9 256920 |y Edad media | |
| 650 | 0 | |a Escuelas filosóficas |9 266232 | |
| 650 | 0 | |a Teología |9 258766 | |
| 650 | 0 | |a Dialéctica |9 257902 | |
| 650 | 0 | |a Misticismo |9 265505 | |
| 700 | |a Pacios López, Arsenio |e traductor |9 863976 | ||
| 700 | 1 | |a Caballero, Salvador |e versión española |9 863977 | |
| 942 | |c BK |2 ddc |n 0 | ||
| 945 | |d 19950512 00:00:00 |a cmena | ||
| 952 | |0 0 |1 0 |4 0 |6 189_000000000000000_GIL_1965 |7 0 |8 R |9 238806 |a BIBEDU |b BIBEDU |c MCIRC |d 2019-11-18 |i 1502166 |o 189 GIL 1965 |p 1502166 |r 2023-01-13 |w 2019-11-18 |y BK_R |k EDU | ||
| 952 | |0 0 |1 0 |2 ddc |4 0 |6 189_000000000000000_GIL_1965 |7 1 |8 C_AGB |9 580826 |a BIBDER |b BIBDER |d 2022-01-25 |e Donación |i 5641691 |o 189 GIL 1965 |p 5641691 |r 2023-01-25 |t 2 |w 2022-01-25 |y BK_US |k AGB | ||